Political thought of Acharya Narendra Deva (Record no. 18178)

MARC details
000 -LEADER
fixed length control field 00448nam a2200169Ia 4500
082 ## - DEWEY DECIMAL CLASSIFICATION NUMBER
Classification number TG.0079
100 ## - MAIN ENTRY--AUTHOR NAME
Personal name Gupta, Asha
245 #0 - TITLE STATEMENT
Title Political thought of Acharya Narendra Deva
260 ## - PUBLICATION, DISTRIBUTION, ETC. (IMPRINT)
Year of publication 1985
Name of publisher University of Delhi
300 ## - PHYSICAL DESCRIPTION
Number of Pages 297
Accompanying material C D -21
650 ## - SUBJECT ADDED ENTRY--TOPICAL TERM
Topical Term Political behaviour
650 ## - SUBJECT ADDED ENTRY--TOPICAL TERM
Topical Term Political sociology
650 ## - SUBJECT ADDED ENTRY--TOPICAL TERM
Topical Term Narendra Deva
Form subdivision Views on politics
650 ## - SUBJECT ADDED ENTRY--TOPICAL TERM
Topical Term Socialists
Form subdivision India
710 ## - ADDED ENTRY--CORPORATE NAME
Corporate name or jurisdiction name as entry element Sankhdher, M.M.
942 ## - ADDED ENTRY ELEMENTS (KOHA)
Koha item type Thesis
Source of classification or shelving scheme Dewey Decimal Classification
Holdings
Withdrawn status Lost status Damaged status Not for loan Home library Current library Date acquired Bill Date Full call number Accession Number Price effective from Koha item type
        NASSDOC Library NASSDOC Library 08/10/2004 2004-10-22 TG.0079 24097 18/04/2019 Thesis